[Event "Foment Martinenc op-C 22nd"]
[Site "Barcelona"]
[Date "2022.05.28"]
[Round "6"]
[White "Jimenez Perez, Victor Javier"]
[Black "Membrives Cano, Diego"]
[Result "1/2-1/2"]
[WhiteElo "1700"]
[BlackElo "1590"]
[PlyCount "36"]
[EventDate "2022.04.23"]
[EventType "swiss"]
[EventRounds "9"]
[EventCountry "ESP"]
[SourceTitle "EXT 2023"]
[Source "ChessBase"]
[SourceDate "2022.10.05"]
[SourceVersion "1"]
[SourceVersionDate "2022.10.05"]
[SourceQuality "1"]

1. e4 d6 2. d4 Nf6 3. Nc3 e5 4. dxe5 dxe5 5. Qxd8+ Kxd8 6. Bc4 Bb4 7. Bd2 Be6 8. Bxe6 fxe6 9. 0-0-0 Ke7 10. Nge2 Nbd7 11. f3 h6 12. h4 h5 13. Rdg1 Bc5 14. Rf1 Bb4 15. a3 Bc5 16. f4 Raf8 17. fxe5 Nxe5 18. Bf4 Bd6 1/2-1/2